000 00386nam a2200157Ia 4500
008 151213s9999 xx 000 0 und d
100 _aRudiger Darunbush
245 _aMacroeconomics
_cRudiger Darunbush
250 _a9th
260 _aNew York
_bMc Grow Hill
_c2004
300 _a4232 p.
650 _aEconomics
650 _aEconomics
700 _aRudiger Darunbush
999 _c2656
_d2656